Begründung zu den Entwürfen eines gesetzes, betreffend aenderungen der Konkursordnung und eines zugehörigen einführungsgesetzes. Reichstagsvorlage.
Saved in:
| 企业作者: | |
|---|---|
| 格式: | 图书 |
| 语言: | German |
| 出版: |
Berlin,
J. Guttentag,
1898.
|
| 主题: | |
| 标签: |
添加标签
没有标签, 成为第一个标记此记录!
|
| LEADER | 00578nam a2200181I 4500 | ||
|---|---|---|---|
| 001 | 005299687-5 | ||
| 005 | 20020606095253.2 | ||
| 008 | 950214s1898 gw 000 0 ger | ||
| 010 | |a 43033342 | ||
| 035 | 0 | |a ocm78255161 | |
| 040 | |a DLC |c HVL | ||
| 110 | 1 | |a Germany. |b Reichstag. | |
| 245 | 1 | 0 | |a Begründung zu den Entwürfen eines gesetzes, betreffend aenderungen der Konkursordnung und eines zugehörigen einführungsgesetzes. |b Reichstagsvorlage. |
| 260 | |a Berlin, |b J. Guttentag, |c 1898. | ||
| 300 | |a 60 p. |c 19 cm. | ||
| 650 | 0 | |a Bankruptcy |z Germany. | |
| 988 | |a 20020608 | ||
| 906 | |0 DLC | ||


